Marketing for non-marketing managers
| Main Author: | |
|---|---|
| Format: | Book |
| Published: |
London :
Pitman Publishing ,
1993
|
| Subjects: |
MARC
| LEADER | 00000cam a2200000 7i4500 | ||
|---|---|---|---|
| 001 | 0000002543 | ||
| 002 | 000002769 | ||
| 005 | 20000330.0 | ||
| 020 | |a 0273601415 | ||
| 090 | 0 | 0 | |a 658.81 |b FOR |
| 100 | 1 | |a Forsyth, Patrick | |
| 245 | 1 | 0 | |a Marketing for non-marketing managers |c Patrick Forsyth |
| 260 | |a London : |b Pitman Publishing , |c 1993 | ||
| 300 | |a 176p. ; |c 23cm. | ||
| 650 | 0 | 0 | |a Marketing |
| 999 | |a 036007 |b BUKU |c PINJAMAN |e PERPUSTAKAAN KOMUNITI PETALING JAYA | ||